The Patriarch Nicephorus of Constantinople : ecclesiastical policy and image worship in the Byzantine Empire /

محفوظ في:

المؤلف الرئيسي: Alexander, Paul Julius, 1910-1977 (مؤلف)

التنسيق: كتاب

اللغة: English

منشور في: Oxford : Clarendon Press, 1958.

الموضوعات:

الوسوم: إضافة وسم

لا توجد وسوم, كن أول من يضع وسما على هذه التسجيلة!

رقم الطلب: BR238 .A4 1958

LEADER 00760nam a2200229I 4500
001 5370
003 OSt
005 20251014102523.0
008 130303s1958 enkh b 000 0 eng d
010 |a 58001693 
040 |c ARCE Library 
050 4 |a BR238 .A4 1958 
100 1 |a Alexander, Paul Julius,  |d 1910-1977,  |e author 
245 1 4 |a The Patriarch Nicephorus of Constantinople :  |b ecclesiastical policy and image worship in the Byzantine Empire /  |c Paul Julius Alexander. 
264 1 |a Oxford :  |b Clarendon Press,  |c 1958. 
300 |a xii, 287 pages :  |b facsimiles ;  |c 22 cm. 
504 |a Bibliography : pages [266]-280. 
600 0 0 |a Nicephorus,  |c Saint, Patriarch of Constantinople. 
650 0 |a Iconoclasm. 
901 |a reviewed 
942 |c BK  |2 lcc 
999 |c 9284  |d 9284